[Event "DVM U14w 2013"]
[Site "Oberbernhards-Hilders GER"]
[Date "2013.12.28"]
[Round "3"]
[White "Simon, Tessa"]
[Black "Peters, Theresa"]
[Result "0-1"]
[Termination "normal"]
[Board "1.2"]
[WhiteElo "1620"]
[BlackElo "1618"]
[WhiteTeam "SV Muldental Wilkau-Haßlau"]
[BlackTeam "SV 1919 Grimma"]
[WhiteFideId "12929395"]
[BlackFideId "12952192"]
[EventCountry "GER"]
[EventRounds "7"]
[EventType "team-swiss"]
[EventDate "2013.12.26"]

1. e4 c5 2. Nf3 a6 3. Nc3 Nc6 4. d4 cxd4 5. Nxd4 e6 6. Be2 Bc5 7. Nb3 Be7 8.
O-O Nf6 9. a3 b5 10. Bf3 Qc7 11. Be3 Ne5 12. Be2 Bb7 13. f4 Nc4 14. Bxc4 bxc4
15. Nd2 O-O 16. Qe2 Rac8 17. f5 Bd6 18. h3 Rfe8 19. Qf2 Bg3 20. Qf3 d5 21. exd5
exd5 22. Bd4 Be5 23. Bxe5 Rxe5 24. Qf2 Rce8 25. Kh1 Bc8 26. g4 Bb7 27. Kg1 Re3
28. Rfe1 Rxh3 29. Rxe8+ Nxe8 30. Re1 Bc6 31. Nxd5 Qd6 32. Qg2 Rg3 33. Ne4 Rxg2+
34. Kxg2 Qxd5 0-1

[Event "DVM U14w 2013"]
[Site "Oberbernhards-Hilders GER"]
[Date "2013.12.28"]
[Round "3"]
[White "Könze, Heike"]
[Black "Fromm, Katja"]
[Result "1/2-1/2"]
[Termination "normal"]
[Board "1.3"]
[WhiteElo "1471"]
[BlackElo "1595"]
[WhiteTeam "SV 1919 Grimma"]
[BlackTeam "SV Muldental Wilkau-Haßlau"]
[WhiteFideId "12964476"]
[BlackFideId "12929409"]
[EventCountry "GER"]
[EventRounds "7"]
[EventType "team-swiss"]
[EventDate "2013.12.26"]

1. e4 c6 2. d4 d5 3. Nc3 dxe4 4. Nxe4 Bf5 5. Ng3 Bg6 6. Nf3 Nd7 7. h4 h6 8. h5
Bh7 9. Bd3 Bxd3 10. Qxd3 e6 11. Bd2 Ngf6 12. O-O-O Qc7 13. Kb1 Be7 14. Bc3 Rd8
15. Qe2 Nd5 16. Bd2 O-O 17. Ne5 c5 18. Nxd7 Rxd7 19. dxc5 Bxc5 20. c4 Nf6 21.
Bc3 Be7 22. Ne4 Nxe4 23. Qxe4 Rfd8 24. Rc1 Bg5 25. Rcf1 Qf4 26. Qxf4 Bxf4 27.
Kc2 Rc8 28. b3 b5 29. g3 Bb8 30. Rh4 Rdc7 31. Kd3 bxc4+ 32. Rxc4 Rd7+ 33. Rd4
Rxc3+ 34. Kxc3 Be5 35. Rfd1 Kf8 36. Kc4 Rc7+ 37. Kb5 Bxd4 38. Rxd4 Rc2 39. Ra4
Rxf2 40. Rxa7 Rf5+ 41. Kc6 Rxh5 42. b4 Rh2 43. b5 Rc2+ 44. Kd7 Rd2+ 45. Kc7
Rc2+ 46. Kb7 e5 47. b6 e4 48. Ra3 Rb2 49. Ka7 e3 50. Rxe3 Rxa2+ 51. Kb8 Rb2 52.
b7 f5 53. Rc3 Kf7 54. Rc6 Re2 55. Kc7 Re7+ 56. Kb6 Re8 57. Rc7+ Kf6 58. Ka7 h5
59. b8=Q Rxb8 60. Kxb8 g6 61. Rc5 Kg5 62. Rc4 Kf6 63. Kc7 g5 64. Rc5 h4 65.
gxh4 gxh4 66. Kd6 Kg5 67. Ke6 Kg4 68. Rxf5 h3 1/2-1/2

[Event "DVM U14w 2013"]
[Site "Oberbernhards-Hilders GER"]
[Date "2013.12.28"]
[Round "3"]
[White "Von Jan, Lena"]
[Black "Hagenbeck-Hübert, Lara"]
[Result "1/2-1/2"]
[Termination "normal"]
[Board "1.4"]
[WhiteElo "1373"]
[BlackElo "1294"]
[WhiteTeam "SV Muldental Wilkau-Haßlau"]
[BlackTeam "SV 1919 Grimma"]
[WhiteFideId "12946060"]
[BlackFideId "12964484"]
[EventCountry "GER"]
[EventRounds "7"]
[EventType "team-swiss"]
[EventDate "2013.12.26"]

1. e4 e5 2. Nf3 Nc6 3. Bb5 a6 4. Ba4 Nf6 5. d3 b5 6. Bb3 Be7 7. c3 d6 8. O-O
O-O 9. Re1 Bg4 10. Nbd2 d5 11. h3 Bxf3 12. Nxf3 dxe4 13. dxe4 Qxd1 14. Rxd1
Rad8 15. Bg5 Nxe4 16. Bxe7 Nxe7 17. Nxe5 Nd6 18. Rd3 g6 19. Rad1 Rc8 20. Nd7
Rfd8 21. Nc5 a5 22. Ne4 Nb7 23. Nf6+ Kg7 24. Rxd8 Rxd8 25. Rxd8 Nxd8 26. Ne8+
Kf8 27. Nxc7 b4 28. cxb4 axb4 29. Na6 Ndc6 30. a3 Na5 31. Bd1 bxa3 32. bxa3 Nd5
33. Nc5 Ke7 34. Kf1 Nc3 35. Bc2 Kd6 36. Nd3 Kd5 37. Nb4+ Kc4 38. Ke1 Nb3 39.
Bd3+ Kd4 40. Bc2 Kc4 41. Nc6 f6 42. Ne7 Nd4 43. Kd2 Nxc2 44. Kxc2 Ne4 45. f3
Nc5 46. Ng8 f5 47. Nf6 h5 48. g4 hxg4 49. hxg4 Ne6 50. Kd2 Kb3 51. Ke3 Kxa3 52.
gxf5 gxf5 53. Ng8 Ng5 54. f4 Ne6 55. Ne7 Nxf4 56. Nxf5 1/2-1/2

[Event "DVM U14w 2013"]
[Site "Oberbernhards-Hilders GER"]
[Date "2013.12.28"]
[Round "3"]
[White "Denkert, Anna"]
[Black "Gatzke, Carolin"]
[Result "1-0"]
[Termination "normal"]
[Board "2.1"]
[WhiteElo "1608"]
[BlackElo "1731"]
[WhiteTeam "SV Empor Berlin"]
[BlackTeam "SK Blauer Springer Paderborn"]
[WhiteFideId "12938122"]
[BlackFideId "12943746"]
[EventCountry "GER"]
[EventRounds "7"]
[EventType "team-swiss"]
[EventDate "2013.12.26"]

1. e4 c5 2. Nc3 a6 3. f4 b5 4. Nf3 Bb7 5. d3 e6 6. g3 d5 7. e5 Nh6 8. Bg2 Nc6
9. O-O Be7 10. a3 O-O 11. Qe1 Nf5 12. Qf2 Rc8 13. Ne2 Nfd4 14. Nexd4 Nxd4 15.
Nxd4 cxd4 16. Qe2 Rc6 17. Rf2 f6 18. exf6 Bxf6 19. b4 Re8 20. Bb2 e5 21. fxe5
Rxe5 22. Qf3 Rce6 23. Bh3 Re1+ 24. Rxe1 Rxe1+ 25. Kg2 Qe7 26. Qf4 Re2 27. Qb8+
Kf7 28. Bxd4 Rxf2+ 29. Bxf2 d4+ 30. Kg1 Be5 31. Qa7 Qc7 32. Bg2 Bxg2 33. Qxc7+
Bxc7 34. Kxg2 Ke6 35. Bxd4 g6 36. Kf3 Kd5 37. Bb2 h5 38. h3 Bb8 39. Bf6 Ke6 40.
Bg5 Be5 41. Bc1 Kd5 42. g4 h4 43. g5 Bg3 44. Bf4 Be1 45. Bc1 Bg3 46. Bb2 Be1
47. Ba1 Bg3 48. Bc3 Bh2 49. Be1 Be5 50. c3 1-0

[Event "DVM U14w 2013"]
[Site "Oberbernhards-Hilders GER"]
[Date "2013.12.28"]
[Round "3"]
[White "Berdin, Victoria"]
[Black "Schmidtmann, Samantha"]
[Result "1-0"]
[Termination "normal"]
[Board "2.3"]
[WhiteElo "1469"]
[BlackElo "1368"]
[WhiteTeam "SV Empor Berlin"]
[BlackTeam "SK Blauer Springer Paderborn"]
[BlackFideId "12956759"]
[EventCountry "GER"]
[EventRounds "7"]
[EventType "team-swiss"]
[EventDate "2013.12.26"]

1. e4 c5 2. Nf3 d6 3. c3 Nf6 4. Be2 Nxe4 5. Qa4+ Nc6 6. Qxe4 g6 7. Bb5 Bd7 8.
Qe2 Bg7 9. O-O O-O 10. d3 a6 11. Bxc6 Bxc6 12. Be3 b5 13. Rd1 Rb8 14. d4 Bxf3
15. Qxf3 Qc7 16. dxc5 dxc5 17. Nd2 c4 18. Qe4 Rbd8 19. Nf3 Rd7 20. Bd4 Rfd8 21.
Re1 e6 22. Qe3 Qb7 23. Ne5 Rd5 24. Qf3 f5 25. Qe3 Re8 26. Nf3 Qc7 27. Bxg7 Kxg7
28. Rad1 Qd7 29. Rxd5 Qxd5 30. Qd4+ Qxd4 31. Nxd4 e5 32. Nf3 Kf6 33. Rd1 Ke6
34. Ng5+ Kf6 35. Nxh7+ Kg7 36. Ng5 e4 37. Re1 Re7 38. Nh3 Kf6 39. Nf4 g5 40.
Nd5+ 1-0

[Event "DVM U14w 2013"]
[Site "Oberbernhards-Hilders GER"]
[Date "2013.12.28"]
[Round "3"]
[White "Walow, Xenia"]
[Black "Dinh, Vivien Havy"]
[Result "1-0"]
[Termination "normal"]
[Board "2.4"]
[WhiteElo "1352"]
[BlackElo "1140"]
[WhiteTeam "SK Blauer Springer Paderborn"]
[BlackTeam "SV Empor Berlin"]
[WhiteFideId "12971839"]
[EventCountry "GER"]
[EventRounds "7"]
[EventType "team-swiss"]
[EventDate "2013.12.26"]

1. d4 d5 2. Bf4 Nf6 3. Nf3 c5 4. e3 Nc6 5. c3 Qb6 6. Qc1 Bf5 7. Nbd2 e6 8. h3
h6 9. Be2 Be7 10. Ne5 Bd6 11. Nxf7 Bxf4 12. Nxh8 Bd6 13. Bh5+ Nxh5 14. g4 Bh7
15. gxh5 O-O-O 16. Nf7 Rd7 17. Nxd6+ Rxd6 18. b3 cxd4 19. cxd4 Kb8 20. Qc5 Nb4
21. Qxb6 Rxb6 22. Kd1 Rc6 23. a3 Nd3 24. Ke2 Rc2 25. Rhg1 Bf5 26. Rxg7 Nxf2 27.
Kxf2 Rxd2+ 28. Ke1 Rh2 29. Rc1 Rh1+ 30. Kd2 Rh2+ 31. Kc3 Rxh3 32. Kb4 a6 33.
Rcc7 Rxe3 34. Rxb7+ Kc8 35. Rbf7 Kd8 36. Rf8# 1-0

[Event "DVM U14w 2013"]
[Site "Oberbernhards-Hilders GER"]
[Date "2013.12.28"]
[Round "3"]
[White "Wächter, Nathalie"]
[Black "Havenith, Julia"]
[Result "1-0"]
[Termination "normal"]
[Board "3.1"]
[WhiteElo "1733"]
[BlackElo "1451"]
[WhiteTeam "Tura Harksheide"]
[BlackTeam "SG Solingen"]
[WhiteFideId "12921033"]
[BlackFideId "12983284"]
[EventCountry "GER"]
[EventRounds "7"]
[EventType "team-swiss"]
[EventDate "2013.12.26"]

1. e4 e5 2. Nf3 Nc6 3. Bc4 Nf6 4. d3 Be7 5. c3 O-O 6. Nbd2 d6 7. O-O Bg4 8. h3
Bh5 9. Re1 Na5 10. Bb5 a6 11. Ba4 b5 12. Bc2 c5 13. Nf1 Nd7 14. Ng3 Bg6 15. d4
cxd4 16. cxd4 Rc8 17. a4 b4 18. Bd3 Qb6 19. Be3 Qb7 20. Qe2 Ra8 21. Rac1 b3 22.
Bd2 Nc6 23. Bc3 Bd8 24. Bc4 Qb6 25. a5 Qb7 26. Bd5 Re8 27. dxe5 dxe5 28. Nxe5
Ndxe5 29. Bxe5 Rc8 30. Bc3 Bg5 31. Bd2 Bf6 32. Be3 Red8 33. Bb6 Rd7 34. e5 Rxd5
35. exf6 gxf6 36. Qg4 Rg5 37. Qa4 Bc2 38. Qf4 Kg7 39. Ne4 Bxe4 40. Qxe4 Re5 41.
Qg4+ Rg5 42. Qf3 Rb5 43. Rc3 Qd7 44. Rd1 Qe6 45. Rdc1 Ne7 46. Bd4 Rxc3 47. Bxc3
Rf5 48. Qg4+ Rg5 49. Qxg5+ 1-0

[Event "DVM U14w 2013"]
[Site "Oberbernhards-Hilders GER"]
[Date "2013.12.28"]
[Round "3"]
[White "Möller, Laura"]
[Black "Köhler, Inken"]
[Result "0-1"]
[Termination "normal"]
[Board "3.2"]
[WhiteElo "1145"]
[BlackElo "1618"]
[WhiteTeam "SG Solingen"]
[BlackTeam "Tura Harksheide"]
[WhiteFideId "12911720"]
[BlackFideId "12929301"]
[EventCountry "GER"]
[EventRounds "7"]
[EventType "team-swiss"]
[EventDate "2013.12.26"]

1. c4 e5 2. Nc3 Nf6 3. g3 Bc5 4. Bg2 d6 5. Nf3 c6 6. O-O Be6 7. b3 Qc8 8. Ng5
Bg4 9. Re1 Na6 10. Nce4 Qf5 11. Nxc5 Nxc5 12. d3 h6 13. Nf3 Bh3 14. Bh1 O-O-O
15. d4 Nce4 16. Qc2 Ng4 17. Be3 Nxe3 18. fxe3 h5 19. Bg2 Bxg2 20. Kxg2 h4 21.
Rf1 hxg3 22. Nh4 Qg4 23. Nf3 gxh2+ 24. Kh1 Ng3+ 0-1

[Event "DVM U14w 2013"]
[Site "Oberbernhards-Hilders GER"]
[Date "2013.12.28"]
[Round "3"]
[White "Giede, Anna-Blume"]
[Black "Kublanov, Elizabeth"]
[Result "1-0"]
[Termination "normal"]
[Board "3.3"]
[WhiteElo "1453"]
[BlackElo "1332"]
[WhiteTeam "Tura Harksheide"]
[BlackTeam "SG Solingen"]
[WhiteFideId "12921980"]
[BlackFideId "12944564"]
[EventCountry "GER"]
[EventRounds "7"]
[EventType "team-swiss"]
[EventDate "2013.12.26"]

1. c4 e5 2. Nc3 Bc5 3. g3 Nf6 4. Bg2 Nc6 5. e3 O-O 6. Nge2 b6 7. O-O Bb7 8. d4
exd4 9. exd4 Bb4 10. a3 Bd6 11. Bg5 Re8 12. Re1 h6 13. Bd2 a5 14. Nb5 Bf8 15.
Bf4 d6 16. Qa4 Qd7 17. Qc2 Ba6 18. Nec3 Rad8 19. d5 Bxb5 20. Nxb5 Ne5 21. Bxe5
dxe5 22. Na7 Bd6 23. Nc6 Ra8 24. Re2 Qg4 25. Rae1 Qg5 26. Qc3 e4 27. Bxe4 Nxe4
28. Rxe4 Rxe4 29. Rxe4 Qf5 30. Re1 Bc5 31. Ne7+ Bxe7 32. Rxe7 Rc8 33. Re5 Qf6
34. Re3 Qd6 35. Qe5 Qc5 36. Qf5 Rd8 37. Qc2 g6 38. Qc3 Qf8 39. Qe5 Qg7 40.
Qxg7+ Kxg7 41. Kg2 f5 42. Re7+ Kf6 43. Rxc7 Ke5 44. Kf3 Kd6 45. Rc6+ Kd7 46.
Rxb6 Kc7 47. Rxg6 Rh8 48. Kf4 Rb8 49. Rxh6 Rxb2 50. Kxf5 Rxf2+ 51. Ke5 Rd2 52.
Rh7+ Kd8 53. Kd6 Ke8 54. c5 Rb2 55. c6 Rb6 56. Ke6 Kf8 57. Kd7 Ra6 58. c7 Ra7
59. Kc6 Ra8 60. Kb7 Re8 61. c8=Q Rxc8 62. Kxc8 Kg8 63. Ra7 a4 64. d6 Kf8 65. d7
Kf7 66. d8=Q+ Ke6 67. Ra5 Kf7 68. Rf5+ Kg6 69. Qg8+ Kxf5 70. Kd7 Ke4 71. Kd6
Kf3 72. h4 Kg2 73. Ke5 Kh3 74. Kf4 Kh2 75. Qa2+ Kh3 76. Qd5 Kh2 77. Kf3 Kh3 78.
Qd1 Kh2 79. Qe1 Kh3 80. Qh1# 1-0

[Event "DVM U14w 2013"]
[Site "Oberbernhards-Hilders GER"]
[Date "2013.12.28"]
[Round "3"]
[White "Bashylina, Luisa"]
[Black "Janke, Luisa"]
[Result "0-1"]
[Termination "normal"]
[Board "3.4"]
[WhiteElo "891"]
[BlackElo "1428"]
[WhiteTeam "SG Solingen"]
[BlackTeam "Tura Harksheide"]
[WhiteFideId "12983292"]
[BlackFideId "12925225"]
[EventCountry "GER"]
[EventRounds "7"]
[EventType "team-swiss"]
[EventDate "2013.12.26"]

1. e4 c6 2. Nc3 d5 3. Qf3 dxe4 4. Nxe4 Nf6 5. Bc4 Nbd7 6. d3 Ne5 7. Qf4 Nxc4 8.
Nxf6+ exf6 9. Qxc4 Be6 10. Qe4 Bd6 11. f4 O-O 12. Be3 Bd5 13. Qf5 Bxg2 14. Qg4
Bxh1 15. f5 Re8 16. Qh3 Bc5 17. Kd2 Bxe3+ 18. Kd1 Bxg1 19. Kd2 Be3+ 20. Kd1 Qb6
21. Ke2 Bd4+ 22. Kd2 Bd5 23. Kd1 Qxb2 24. Rc1 Bc3 25. a3 Re1# 0-1

[Event "DVM U14w 2013"]
[Site "Oberbernhards-Hilders GER"]
[Date "2013.12.28"]
[Round "3"]
[White "Usczeck, Alina"]
[Black "Halas, Julia"]
[Result "0-1"]
[Termination "normal"]
[Board "4.1"]
[WhiteElo "1554"]
[BlackElo "1573"]
[WhiteTeam "SV Turm Lahnstein"]
[BlackTeam "Schachgemeinschaft Leipzig"]
[WhiteFideId "12938114"]
[BlackFideId "12931810"]
[EventCountry "GER"]
[EventRounds "7"]
[EventType "team-swiss"]
[EventDate "2013.12.26"]

1. e4 e6 2. d3 d5 3. Nd2 c5 4. Ngf3 Nf6 5. g3 Be7 6. Bg2 O-O 7. O-O Nc6 8. Re1
b5 9. e5 Nd7 10. h4 a5 11. Nf1 Ba6 12. h5 b4 13. Bf4 a4 14. a3 c4 15. h6 g6 16.
N1h2 bxa3 17. bxa3 cxd3 18. cxd3 Nc5 19. Bf1 Nb3 20. Ra2 Rc8 21. d4 Bxf1 22.
Nxf1 Nca5 23. N1d2 Rc1 24. Qe2 Rxe1+ 25. Qxe1 Qb6 26. Be3 Rc8 27. Nxb3 axb3 28.
Ra1 b2 29. Rb1 Bxa3 30. Bd2 Nc4 31. Bc3 Qb3 0-1

[Event "DVM U14w 2013"]
[Site "Oberbernhards-Hilders GER"]
[Date "2013.12.28"]
[Round "3"]
[White "Reitz, Theresa"]
[Black "Kahle, Leonie"]
[Result "1/2-1/2"]
[Termination "normal"]
[Board "4.3"]
[WhiteElo "1308"]
[BlackElo "1365"]
[WhiteTeam "SV Turm Lahnstein"]
[BlackTeam "Schachgemeinschaft Leipzig"]
[WhiteFideId "12971901"]
[BlackFideId "12983306"]
[EventCountry "GER"]
[EventRounds "7"]
[EventType "team-swiss"]
[EventDate "2013.12.26"]

1. e4 c5 2. Nf3 d6 3. Bb5+ Bd7 4. Bxd7+ Nxd7 5. d3 g6 6. Nc3 Bg7 7. Be3 Ngf6 8.
Qd2 O-O 9. O-O Ng4 10. Bg5 Nde5 11. Nxe5 Nxe5 12. f4 Nc6 13. f5 Qd7 14. Bh6 Nd4
15. Bxg7 Kxg7 16. Qf2 Rae8 17. Nd5 b6 18. c3 Nb5 19. f6+ exf6 20. Nxf6 Qe6 21.
Nxe8+ Rxe8 22. Qh4 Nc7 23. Rf3 Qe5 24. Raf1 Re7 25. Qf6+ Qxf6 26. Rxf6 Ne6 27.
R6f2 Ng5 28. Re2 a6 29. Rfe1 f6 30. Rc2 Re5 31. b4 Kf7 32. h4 Ne6 33. bxc5 Nxc5
34. Rd2 Nd7 35. Kf2 Nb8 36. Rb2 b5 37. Rb4 Nc6 38. Rb3 Kg7 39. d4 Re7 40. Kf3
f5 41. Ra3 a5 42. Rb3 b4 43. d5 Ne5+ 44. Kg3 Nd3 45. Re3 Nc5 46. Rb2 bxc3 47.
Rc2 Re5 48. Kf4 fxe4 49. Rexc3 1/2-1/2

[Event "DVM U14w 2013"]
[Site "Oberbernhards-Hilders GER"]
[Date "2013.12.28"]
[Round "3"]
[White "Oswald, Lena"]
[Black "Rau, Jennifer"]
[Result "1-0"]
[Termination "normal"]
[Board "4.4"]
[WhiteElo "1045"]
[BlackElo "1098"]
[WhiteTeam "Schachgemeinschaft Leipzig"]
[BlackTeam "SV Turm Lahnstein"]
[WhiteFideId "12983314"]
[BlackFideId "12983276"]
[EventCountry "GER"]
[EventRounds "7"]
[EventType "team-swiss"]
[EventDate "2013.12.26"]

1. e4 d6 2. d4 Nf6 3. Nc3 g6 4. Bc4 Bg7 5. Nf3 c6 6. Be3 O-O 7. Qd2 Re8 8. Bh6
Bh8 9. O-O Nxe4 10. Bxf7+ Kxf7 11. Nxe4 Bf5 12. Rfe1 Na6 13. Re3 Nc7 14. Rae1
Nd5 15. Nfg5+ Kg8 16. Rf3 Nf6 17. h3 Bg7 18. Bxg7 Kxg7 19. Rxf5 Qd7 20. Rf3
Nxe4 21. Rf7+ Kg8 22. Rxe4 h6 23. Rh4 Rf8 24. Rxf8+ Rxf8 25. Rxh6 Qf5 26. c4 e6
27. Qe3 e5 28. dxe5 dxe5 29. Nf3 e4 30. Ng5 Re8 31. Rh4 1-0

[Event "DVM U14w 2013"]
[Site "Oberbernhards-Hilders GER"]
[Date "2013.12.28"]
[Round "3"]
[White "Walker, Julia"]
[Black "Nguyen, Ha Thanh"]
[Result "1-0"]
[Termination "normal"]
[Board "5.1"]
[WhiteElo "1545"]
[BlackElo "1564"]
[WhiteTeam "SG Porz"]
[BlackTeam "SV Empor Erfurt"]
[WhiteFideId "1271852"]
[BlackFideId "12942154"]
[EventCountry "GER"]
[EventRounds "7"]
[EventType "team-swiss"]
[EventDate "2013.12.26"]

1. e4 c5 2. c3 d5 3. exd5 Qxd5 4. d4 e6 5. Nf3 Nc6 6. Bd3 Nf6 7. O-O Be7 8. Be3
b6 9. c4 Qd8 10. dxc5 Bxc5 11. Bxc5 bxc5 12. Nc3 O-O 13. Ne4 Nxe4 14. Bxe4 Bb7
15. a3 Rb8 16. Qa4 Qc7 17. b4 cxb4 18. axb4 Nxb4 19. Qxa7 Rfc8 20. Nd2 Bxe4 21.
Nxe4 Qc6 22. Nd2 Ra8 23. Qe7 Nc2 24. Rac1 Nd4 25. Rfe1 Ra2 26. Qg5 Nf5 27. Ra1
h6 28. Qf4 g5 29. Qf3 Rxd2 30. Qc3 Rd4 31. Qa3 Rxc4 32. h3 Nh4 33. f3 Qb6+ 34.
Kh1 Qf2 35. Rg1 Rc3 36. Qb4 Rc2 37. Raf1 Qe2 38. Re1 Qd2 39. Qg4 1-0

[Event "DVM U14w 2013"]
[Site "Oberbernhards-Hilders GER"]
[Date "2013.12.28"]
[Round "3"]
[White "Schulz, Theresa Charlotte"]
[Black "Sewald, Kathrin"]
[Result "1-0"]
[Termination "normal"]
[Board "5.2"]
[WhiteElo "1283"]
[BlackElo "1552"]
[WhiteTeam "SV Empor Erfurt"]
[BlackTeam "SG Porz"]
[WhiteFideId "12952206"]
[BlackFideId "12964557"]
[EventCountry "GER"]
[EventRounds "7"]
[EventType "team-swiss"]
[EventDate "2013.12.26"]

1. e4 e5 2. Nf3 Nc6 3. Bc4 Bc5 4. d4 Bxd4 5. Nxd4 Nxd4 6. f4 d6 7. O-O Be6 8.
Bxe6 Nxe6 9. fxe5 dxe5 10. Qh5 Qd4+ 11. Kh1 Nf6 12. Qe2 Qxe4 13. Qb5+ Qc6 14.
Qxe5 O-O-O 15. Nc3 Nd4 16. Bg5 Rhe8 17. Qf4 Re6 18. Rad1 Qd6 19. Bxf6 Rxf6 20.
Qg4+ Qe6 21. Qxg7 Rxf1+ 22. Rxf1 Nxc2 23. Qxh7 Nb4 24. h3 f6 25. Qf5 Qxf5 26.
Rxf5 Rd2 27. Rxf6 Rxb2 28. h4 Rd2 29. h5 Rd8 30. g4 Nc6 31. g5 Rh8 32. Rh6 Rxh6
33. gxh6 Ne5 34. h7 Nf7 35. Nd5 Kd7 36. Nf4 c5 37. Ng6 c4 38. Ne5+ Ke6 39. Nxf7
1-0

[Event "DVM U14w 2013"]
[Site "Oberbernhards-Hilders GER"]
[Date "2013.12.28"]
[Round "3"]
[White "Maier, Nicole"]
[Black "Allin, Katharina"]
[Result "1-0"]
[Termination "normal"]
[Board "5.3"]
[WhiteElo "1028"]
[BlackElo "1306"]
[WhiteTeam "SG Porz"]
[BlackTeam "SV Empor Erfurt"]
[WhiteFideId "12964573"]
[BlackFideId "12903779"]
[EventCountry "GER"]
[EventRounds "7"]
[EventType "team-swiss"]
[EventDate "2013.12.26"]

1. e4 e5 2. Nf3 Nc6 3. Bc4 Bc5 4. d3 Nf6 5. Bg5 h6 6. Bh4 d6 7. h3 Be6 8. Bb3
g5 9. Bg3 Qd7 10. Nc3 a6 11. Ba4 O-O-O 12. a3 Ba7 13. Qd2 Nh7 14. Bh2 f5 15.
exf5 Bxf5 16. g4 Bg6 17. Ne4 Rhf8 18. Qe2 b5 19. Bb3 d5 20. Nc3 e4 21. dxe4
dxe4 22. Nxe4 Bxe4 23. Qxe4 Rde8 24. Ne5 Kb7 25. Bd5 Rxe5 26. Bxe5 Rxf2 27. Rf1
Rxf1+ 28. Kxf1 Bc5 29. Bxc6+ Qxc6 30. Qxc6+ Kxc6 31. Rd1 Nf8 32. Bg7 Ne6 33.
Bxh6 Bd4 34. c3 Bf6 35. Re1 Kd7 36. Rd1+ Ke7 37. Rd5 Nf4 38. Rf5 Nxh3 39. Rf3
Nf4 40. Rf2 Nd3 41. Rf5 Ne5 42. Bxg5 Nxg4 43. Bxf6+ Nxf6 44. Ke2 Nd7 45. Kd3
Kd6 46. Kd4 Kc6 47. b4 Nb6 48. Rf6+ Kb7 49. Rf2 Na4 50. Rc2 Nb6 51. Kc5 Na4+
52. Kd4 Nb6 53. Rg2 Na4 54. Rg7 Nb6 55. Rg2 Na4 56. c4 Nb6 57. cxb5 axb5 58.
Rg5 c6 59. Rg7+ Ka6 60. Kc5 1-0

[Event "DVM U14w 2013"]
[Site "Oberbernhards-Hilders GER"]
[Date "2013.12.28"]
[Round "3"]
[White "Kluge, Leyla"]
[Black "Reyher, Susan"]
[Result "1-0"]
[Termination "normal"]
[Board "6.1"]
[WhiteElo "1691"]
[BlackElo "1462"]
[WhiteTeam "USG Chemnitz"]
[BlackTeam "SV "Glück auf" Rüdersdorf"]
[WhiteFideId "12918172"]
[BlackFideId "24686107"]
[EventCountry "GER"]
[EventRounds "7"]
[EventType "team-swiss"]
[EventDate "2013.12.26"]

1. c4 e5 2. Nc3 Nf6 3. g3 d5 4. cxd5 Nxd5 5. Bg2 Nb6 6. d3 Be7 7. a4 a5 8. Nf3
Nc6 9. O-O Bg4 10. h3 Be6 11. Nb5 Qd7 12. Kh2 O-O 13. b3 Rad8 14. Bb2 f6 15.
Nd2 Bd5 16. Bxd5+ Nxd5 17. Rc1 Bd6 18. Nc4 b6 19. Nbxd6 cxd6 20. e4 Ndb4 21.
Nxb6 Qb7 22. Nc4 d5 23. exd5 Rxd5 24. Qg4 Qd7 25. Qxd7 Rxd7 26. Rfd1 Rxd3 27.
Rxd3 Nxd3 28. Rc2 Ncb4 29. Rd2 Nxb2 30. Rxb2 Nc6 31. Rd2 Rb8 32. Rd6 Nd4 33.
Nxa5 Nxb3 34. Nxb3 Rxb3 35. a5 Rb7 36. Rb6 Ra7 37. a6 h6 38. Kg2 Kh7 39. Kf3
Kg6 40. Ke4 Kg5 41. Kd5 Kf5 42. f3 g5 43. Kc5 h5 44. g4+ hxg4 45. hxg4+ Kg6 46.
Kb5 Ra8 47. Rb7 f5 48. Rb6+ Kg7 49. gxf5 Kf7 50. Kc6 Rxa6 51. Rxa6 Kf6 52. Kd5+
Kxf5 53. Ra4 1-0

[Event "DVM U14w 2013"]
[Site "Oberbernhards-Hilders GER"]
[Date "2013.12.28"]
[Round "3"]
[White "Schmid, Katharina"]
[Black "Peil, Celine"]
[Result "1-0"]
[Termination "normal"]
[Board "6.2"]
[WhiteElo "1349"]
[BlackElo "1349"]
[WhiteTeam "SV "Glück auf" Rüdersdorf"]
[BlackTeam "USG Chemnitz"]
[WhiteFideId "12918210"]
[BlackFideId "12942219"]
[EventCountry "GER"]
[EventRounds "7"]
[EventType "team-swiss"]
[EventDate "2013.12.26"]

1. e4 c5 2. Nf3 Nc6 3. Nc3 g6 4. d4 cxd4 5. Nxd4 Bg7 6. Be3 Nf6 7. Be2 O-O 8.
O-O d5 9. f3 Re8 10. Qd2 dxe4 11. Nxc6 Qxd2 12. Bxd2 bxc6 13. fxe4 Be6 14. Bf3
Red8 15. Bf4 Rd7 16. e5 Nd5 17. Nxd5 Bxd5 18. Rad1 Rad8 19. Bg4 Be6 20. Rxd7
Rxd7 21. Bxe6 fxe6 22. b3 a6 23. c4 Rd4 24. Bg5 Re4 25. Bxe7 Rxe5 26. Rd1 Kf7
27. Bb4 Bf6 28. Rd7+ Kg8 29. Bc3 Rf5 30. Bxf6 Rxf6 31. Rd6 Kg7 32. Rxc6 a5 33.
Ra6 Rf5 34. Rxe6 Kf7 35. Re4 h5 36. h3 Kf6 37. g3 Kg7 38. Kg2 g5 39. a3 Kf6 40.
b4 axb4 41. axb4 Kf7 42. g4 hxg4 43. hxg4 Rf6 44. Kg3 Kg7 45. b5 Rb6 46. Kf3
Kf6 47. Ke3 Rd6 48. c5 Rd5 49. Rc4 Ke7 50. b6 Rd8 51. c6 Kd6 52. Rd4+ Ke7 53.
Rxd8 Kxd8 54. b7 Kc7 55. Ke4 1-0

[Event "DVM U14w 2013"]
[Site "Oberbernhards-Hilders GER"]
[Date "2013.12.28"]
[Round "3"]
[White "Fuchs, Joline"]
[Black "Bießlich, Susan"]
[Result "1/2-1/2"]
[Termination "normal"]
[Board "6.3"]
[WhiteElo "1175"]
[BlackElo "1221"]
[WhiteTeam "USG Chemnitz"]
[BlackTeam "SV "Glück auf" Rüdersdorf"]
[WhiteFideId "12964506"]
[BlackFideId "12983349"]
[EventCountry "GER"]
[EventRounds "7"]
[EventType "team-swiss"]
[EventDate "2013.12.26"]

1. e4 e5 2. Nf3 Nc6 3. Bc4 Nf6 4. d3 Bc5 5. O-O d6 6. Be3 Bb6 7. c3 Bg4 8. h3
Bh5 9. Nbd2 O-O 10. a3 d5 11. Bb3 dxe4 12. dxe4 h6 13. Qe2 Qd7 14. Rad1 Rad8
15. Nc4 Qe7 16. Nxb6 axb6 17. Bc2 Nh7 18. Rd3 Rxd3 19. Bxd3 Ng5 20. Bxg5 hxg5
21. g4 Bg6 22. Nd2 Rd8 23. Rd1 Qf6 24. Bc2 Qf4 25. b4 Ne7 26. a4 Nc8 27. Kf1
Qh2 28. f3 Qh1+ 29. Kf2 Qh2+ 30. Ke1 Qg1+ 31. Nf1 Rxd1+ 32. Bxd1 Qh1 33. Qd2
Nd6 34. Qe2 Qg1 35. Bb3 Qh1 36. Bd5 Qxh3 37. Qf2 Qh1 38. Ke2 c6 39. Bb3 Qh3 40.
Qxb6 Qg2+ 41. Qf2 Qxf2+ 42. Kxf2 Kf8 43. c4 Ke8 44. c5 Nc8 45. Nd2 Kd7 46. Ke3
b5 47. axb5 cxb5 48. Bd5 Ne7 49. Bb7 Kc7 50. Ba6 Nc6 51. Bxb5 Nxb4 52. Nb3 Nc2+
53. Kd3 Ne1+ 54. Ke2 Ng2 55. Kd2 f6 56. Ke2 Bf7 57. Nd2 Nf4+ 58. Kd1 Ne6 59.
Nb3 Nd8 60. Na5 Nb7 1/2-1/2

[Event "DVM U14w 2013"]
[Site "Oberbernhards-Hilders GER"]
[Date "2013.12.28"]
[Round "3"]
[White "Schlimme, Johanna"]
[Black "Belusa, Laura Sophie"]
[Result "0-1"]
[Termination "normal"]
[Board "6.4"]
[WhiteElo "877"]
[BlackElo "1134"]
[WhiteTeam "SV "Glück auf" Rüdersdorf"]
[BlackTeam "USG Chemnitz"]
[BlackFideId "12964522"]
[EventCountry "GER"]
[EventRounds "7"]
[EventType "team-swiss"]
[EventDate "2013.12.26"]

1. e4 e5 2. Nf3 Nc6 3. Bb5 Nf6 4. O-O Nxe4 5. Re1 Nf6 6. Nxe5 Nxe5 7. Rxe5+ Be7
8. d4 O-O 9. Qe2 Re8 10. Bg5 Kf8 11. Nd2 c6 12. Bd3 d6 13. Re3 Nd5 14. Bxe7+
Rxe7 15. Re4 Nf4 16. Qf3 Nxd3 17. Qxd3 Bf5 18. Rae1 d5 19. Rxe7 Bxd3 20. cxd3
Qxe7 21. Rxe7 Kxe7 22. Kf1 Re8 23. Ke1 Kd6+ 24. Kd1 c5 25. dxc5+ Kxc5 26. Kc2
Re2 27. g3 Rxf2 28. h4 Rg2 29. Kc3 d4+ 30. Kc2 b5 31. b3 b4 32. a4 bxa3 33. Kc1
Rxd2 34. Kxd2 a2 35. Kc2 a1=Q 36. Kd2 Qc3+ 37. Ke2 Qc2+ 38. Kf3 Qxd3+ 39. Kg4
Qe4+ 40. Kh3 f5 41. b4+ Kxb4 42. Kh2 d3 43. Kg1 d2 44. Kh2 d1=R 45. Kh3 Qh1#
0-1